Movements of pupils in primary and post-primary education, 1986.

Saved in:
Bibliographic Details
Corporate Author: Victoria. Schools Division
Format: Book
Language:English
Published: Melbourne : Ministry of Education, Schools Division, 1987.
Subjects:
LEADER 01028nam a2200277 a 4500
001 c000011389
003 CARM
005 19900124000000.0
008 871209s1987 vra s000 0 eng d
019 1 |a 5461236  |5 LACONCORD2021 
035 |a (OCoLC)220392496  |5 LACONCORD2021 
040 |a 2686  |b eng  |c 2686  |d ANB 
042 |a anuc 
043 |a u-at-vi 
082 0 4 |a 371.29109945  |2 20 
245 0 0 |a Movements of pupils in primary and post-primary education, 1986. 
260 |a Melbourne :  |b Ministry of Education, Schools Division,  |c 1987. 
300 |a iv, 55 leaves ;  |c 30 cm. 
500 |a Cover title. 
500 |a At head of title: Planning report. 
650 0 |a School census  |z Victoria. 
650 0 |a Education  |x Demographic aspects  |z Victoria. 
710 1 |a Victoria.  |b Schools Division 
852 8 |b CARM  |h A2:AF16C0  |i D01197  |p 0036414  |f BK 
999 f f |i 5716e018-2d0a-5260-b5ec-a1046fa6c4da  |s 031793c8-dc91-52fe-9299-c6212ebd939e 
952 f f |p Can circulate  |a CAVAL  |b CAVAL  |c CAVAL  |d CARM 1 Store  |e D01197  |f A2:AF16C0  |h Other scheme  |i book  |m 0036414